000 00648cam a22002291 4500
001 med48000516
003 DLC
005 20260227111609.0
008 810920s1947 xx 000 0 eng
010 _amed48000516
035 _a(OCoLC)14752262
040 _aDLC
_cDNLM
_dDLC
042 _apremarc
050 0 0 _aRC358
_b.S8
060 0 0 _aWM 9
_bS949s 1947
060 0 0 _aFilm 7339 no. 8
100 1 _aSullivan, Harry Stack,
_d1892-1949.
245 1 4 _aThe study of psychiatry,
_bthree orienting lectures.
260 _aWashington,
_bWashington School of Psychiatry,
_cc1947.
300 _a57 l.
500 _aMicrofilmed for preservation
_5DNLM
999 _c38894
_d38894